Bundesliga in Bildern - Werder Bremen - Statistiken

Allgemein
  • Dieses Quiz wurde 86 mal gespielt
  • Das Durchschnittsergebnis liegt bei 11 aus 20
Antwortstatistiken
Bildquiz Antwort % Korrekt
Weserstadion
100%
Ailton
99%
Thomas Schaaf
95%
Double 2004
88%
Diego
85%
Claudio Pizarro
84%
Otto Rehhagel
78%
Arnd Zeigler
72%
Frank Baumann
72%
Papierkugel
65%
Willi Lemke
59%
Ostkurve
57%
Dieter Burdenski
41%
Flutlichtspiel
38%
Europapokal der Pokalsieger
31%
Viertel
28%
DFB-Pokalsieg 2009
19%
Lebenslang Grün-Weiß
18%
Osterdeich
16%
Hal Över
4%
Keine übereinstimmenden Quizze gefunden
Verteilung der Resultate
Anzahl Personen mit jedem Resultat
Perzentil nach korrekt beantworteten Fragen
Ihre Resultats-Entwicklung
Sie haben dieses Quiz noch nicht gespielt